000 00194 a2200097 4500
001 12730
100 _aMachiauelir N
245 _athe Prince
260 _a
_bWordsworth
_c
090 _c9730
_d9730
942 _aNUST-CAE
_cM
_c36634
999 _c247803
_d247803